<?xml version="1.0" encoding="UTF-8"?>
<record
    xmlns:xsi="http://www.w3.org/2001/XMLSchema-instance"
    xsi:schemaLocation="http://www.loc.gov/MARC21/slim http://www.loc.gov/standards/marcxml/schema/MARC21slim.xsd"
    xmlns="http://www.loc.gov/MARC21/slim">

  <leader>01961nam a22002417a 4500</leader>
  <controlfield tag="003">NALT</controlfield>
  <controlfield tag="005">20210505130524.0</controlfield>
  <controlfield tag="008">      s2536    th                  tha d</controlfield>
  <datafield tag="040" ind1=" " ind2=" ">
    <subfield code="a">NALT</subfield>
  </datafield>
  <datafield tag="041" ind1=" " ind2=" ">
    <subfield code="a">tha</subfield>
  </datafield>
  <datafield tag="050" ind1=" " ind2=" ">
    <subfield code="a">DS 584.32 </subfield>
    <subfield code="b">&#xE1B;114&#xE01; 2536</subfield>
  </datafield>
  <datafield tag="110" ind1="2" ind2=" ">
    <subfield code="9">50310</subfield>
    <subfield code="a">&#xE04;&#xE13;&#xE30;&#xE01;&#xE23;&#xE23;&#xE21;&#xE01;&#xE32;&#xE23;&#xE2D;&#xE33;&#xE19;&#xE27;&#xE22;&#xE01;&#xE32;&#xE23;&#xE08;&#xE31;&#xE14;&#xE41;&#xE2A;&#xE14;&#xE07;&#xE41;&#xE2A;&#xE07;&#xE40;&#xE2A;&#xE35;&#xE22;&#xE07;&#xE40;&#xE09;&#xE25;&#xE34;&#xE21;&#xE1E;&#xE23;&#xE30;&#xE40;&#xE01;&#xE35;&#xE22;&#xE23;&#xE15;&#xE34; 100 &#xE1B;&#xE35; &#xE1E;&#xE23;&#xE30;&#xE1A;&#xE32;&#xE17;&#xE2A;&#xE21;&#xE40;&#xE14;&#xE47;&#xE08;&#xE1E;&#xE23;&#xE30;&#xE1B;&#xE01;&#xE40;&#xE01;&#xE25;&#xE49;&#xE32;&#xE40;&#xE08;&#xE49;&#xE32;&#xE2D;&#xE22;&#xE39;&#xE48;&#xE2B;&#xE31;&#xE27;</subfield>
  </datafield>
  <datafield tag="245" ind1="1" ind2="0">
    <subfield code="a">&#xE01;&#xE32;&#xE23;&#xE41;&#xE2A;&#xE14;&#xE07;&#xE41;&#xE2A;&#xE07;&#xE40;&#xE2A;&#xE35;&#xE22;&#xE07;&#xE40;&#xE09;&#xE25;&#xE34;&#xE21;&#xE1E;&#xE23;&#xE30;&#xE40;&#xE01;&#xE35;&#xE22;&#xE23;&#xE15;&#xE34; 100 &#xE1B;&#xE35; &#xE1E;&#xE23;&#xE30;&#xE1A;&#xE32;&#xE17;&#xE2A;&#xE21;&#xE40;&#xE14;&#xE47;&#xE08;&#xE1E;&#xE23;&#xE30;&#xE1B;&#xE01;&#xE40;&#xE01;&#xE25;&#xE49;&#xE32;&#xE40;&#xE08;&#xE49;&#xE32;&#xE2D;&#xE22;&#xE39;&#xE48;&#xE2B;&#xE31;&#xE27;&#xE40;&#xE23;&#xE37;&#xE48;&#xE2D;&#xE07; "&#xE1E;&#xE23;&#xE30;&#xE21;&#xE2B;&#xE32;&#xE01;&#xE29;&#xE31;&#xE15;&#xE23;&#xE34;&#xE22;&#xE4C;&#xE1B;&#xE23;&#xE30;&#xE0A;&#xE32;&#xE18;&#xE34;&#xE1B;&#xE44;&#xE15;&#xE22;" /</subfield>
    <subfield code="c">&#xE04;&#xE13;&#xE30;&#xE01;&#xE23;&#xE23;&#xE21;&#xE01;&#xE32;&#xE23;&#xE2D;&#xE33;&#xE19;&#xE27;&#xE22;&#xE01;&#xE32;&#xE23;&#xE08;&#xE31;&#xE14;&#xE41;&#xE2A;&#xE14;&#xE07;&#xE41;&#xE2A;&#xE07;&#xE40;&#xE2A;&#xE35;&#xE22;&#xE07;&#xE40;&#xE09;&#xE25;&#xE34;&#xE21;&#xE1E;&#xE23;&#xE30;&#xE40;&#xE01;&#xE35;&#xE22;&#xE23;&#xE15;&#xE34; 100 &#xE1B;&#xE35; &#xE1E;&#xE23;&#xE30;&#xE1A;&#xE32;&#xE17;&#xE2A;&#xE21;&#xE40;&#xE14;&#xE47;&#xE08;&#xE1E;&#xE23;&#xE30;&#xE1B;&#xE01;&#xE40;&#xE01;&#xE25;&#xE49;&#xE32;&#xE40;&#xE08;&#xE49;&#xE32;&#xE2D;&#xE22;&#xE39;&#xE48;&#xE2B;&#xE31;&#xE27;.</subfield>
  </datafield>
  <datafield tag="260" ind1=" " ind2=" ">
    <subfield code="a">[&#xE01;&#xE23;&#xE38;&#xE07;&#xE40;&#xE17;&#xE1E;&#xE2F; : </subfield>
    <subfield code="b">&#xE04;&#xE13;&#xE30;&#xE01;&#xE23;&#xE23;&#xE21;&#xE01;&#xE32;&#xE23;&#xE2D;&#xE33;&#xE19;&#xE27;&#xE22;&#xE01;&#xE32;&#xE23;&#xE08;&#xE31;&#xE14;&#xE41;&#xE2A;&#xE14;&#xE07;&#xE41;&#xE2A;&#xE07;&#xE40;&#xE2A;&#xE35;&#xE22;&#xE07;&#xE40;&#xE09;&#xE25;&#xE34;&#xE21;&#xE1E;&#xE23;&#xE30;&#xE40;&#xE01;&#xE35;&#xE22;&#xE23;&#xE15;&#xE34; 100 &#xE1B;&#xE35; &#xE1E;&#xE23;&#xE30;&#xE1A;&#xE32;&#xE17;&#xE2A;&#xE21;&#xE40;&#xE14;&#xE47;&#xE08;&#xE1E;&#xE23;&#xE30;&#xE1B;&#xE01;&#xE40;&#xE01;&#xE25;&#xE49;&#xE32;&#xE40;&#xE08;&#xE49;&#xE32;&#xE2D;&#xE22;&#xE39;&#xE48;&#xE2B;&#xE31;&#xE27;, </subfield>
    <subfield code="c">2536</subfield>
  </datafield>
  <datafield tag="300" ind1=" " ind2=" ">
    <subfield code="a">48 &#xE2B;&#xE19;&#xE49;&#xE32; :</subfield>
    <subfield code="b">&#xE20;&#xE32;&#xE1E;&#xE1B;&#xE23;&#xE30;&#xE01;&#xE2D;&#xE1A; ;</subfield>
    <subfield code="c">29 &#xE0B;&#xE21;.</subfield>
  </datafield>
  <datafield tag="600" ind1="0" ind2="0">
    <subfield code="a">&#xE1B;&#xE01;&#xE40;&#xE01;&#xE25;&#xE49;&#xE32;&#xE40;&#xE08;&#xE49;&#xE32;&#xE2D;&#xE22;&#xE39;&#xE48;&#xE2B;&#xE31;&#xE27;, </subfield>
    <subfield code="c">&#xE1E;&#xE23;&#xE30;&#xE1A;&#xE32;&#xE17;&#xE2A;&#xE21;&#xE40;&#xE14;&#xE47;&#xE08;&#xE1E;&#xE23;&#xE30;,</subfield>
    <subfield code="d">2436-2484</subfield>
    <subfield code="9">10802</subfield>
  </datafield>
  <datafield tag="610" ind1="2" ind2="4">
    <subfield code="9">11683</subfield>
    <subfield code="a">&#xE1E;&#xE23;&#xE30;&#xE17;&#xE35;&#xE48;&#xE19;&#xE31;&#xE48;&#xE07;&#xE2D;&#xE19;&#xE31;&#xE19;&#xE15;&#xE2A;&#xE21;&#xE32;&#xE04;&#xE21;</subfield>
  </datafield>
  <datafield tag="650" ind1=" " ind2="4">
    <subfield code="a">&#xE1E;&#xE23;&#xE30;&#xE21;&#xE2B;&#xE32;&#xE01;&#xE29;&#xE31;&#xE15;&#xE23;&#xE34;&#xE22;&#xE4C;&#xE01;&#xE31;&#xE1A;&#xE1B;&#xE23;&#xE30;&#xE0A;&#xE32;&#xE18;&#xE34;&#xE1B;&#xE44;&#xE15;&#xE22;</subfield>
    <subfield code="9">50312</subfield>
  </datafield>
  <datafield tag="650" ind1=" " ind2="4">
    <subfield code="a">&#xE23;&#xE31;&#xE10;&#xE2A;&#xE20;&#xE32;</subfield>
    <subfield code="9">44407</subfield>
    <subfield code="z">&#xE44;&#xE17;&#xE22;</subfield>
  </datafield>
  <datafield tag="850" ind1=" " ind2=" ">
    <subfield code="a">NALT</subfield>
  </datafield>
  <datafield tag="942" ind1=" " ind2=" ">
    <subfield code="c">GB</subfield>
    <subfield code="2">lcc</subfield>
  </datafield>
  <datafield tag="998" ind1=" " ind2=" ">
    <subfield code="b">phon</subfield>
    <subfield code="j">1020</subfield>
    <subfield code="k"> &#xE08;&#xE33;&#xE40;&#xE23;&#xE35;&#xE22;&#xE07; &#xE23;&#xE30;&#xE27;&#xE31;&#xE07;&#xE2A;&#xE33;&#xE42;&#xE23;&#xE07;</subfield>
  </datafield>
  <datafield tag="999" ind1=" " ind2=" ">
    <subfield code="c">78</subfield>
    <subfield code="d">78</subfield>
  </datafield>
  <datafield tag="952" ind1=" " ind2=" ">
    <subfield code="0">0</subfield>
    <subfield code="1">0</subfield>
    <subfield code="2">lcc</subfield>
    <subfield code="4">0</subfield>
    <subfield code="7">0</subfield>
    <subfield code="8">CGBL</subfield>
    <subfield code="a">NALT</subfield>
    <subfield code="b">NALT</subfield>
    <subfield code="d">2021-02-16</subfield>
    <subfield code="o">DS 584.32 &#xE1B;114&#xE01; 2536</subfield>
    <subfield code="p">3961102372</subfield>
    <subfield code="r">2017-06-09 00:00:00</subfield>
    <subfield code="w">2017-06-09</subfield>
    <subfield code="y">GB</subfield>
  </datafield>
</record>
